Statistiken für Größte deutsche Städte nach Buchstabe - N

Klicken Sie hier um das Quiz zu spielen!

Allgemein

  • Dieses Quiz wurde 4.052 mal gespielt
  • Das Durchschnittsergebnis liegt bei 5 aus 15

Antwortstatistiken

LandEinwohnerStadt% Korrekt
Bayern515.543Nürnberg
100%
NRW153.109Neuss
53%
Niedersachsen44.586Neustadt am Rübenberge
39%
Rheinland-Pfalz53.306Neustadt an der Weinstraße
39%
Schleswig-Holstein79.905Neumünster
32%
Mecklenburg-Vorpommern63.372Neubrandenburg
29%
Saarland46.037Neunkirchen
28%
Schleswig-Holstein79.155Norderstedt
23%
Bayern58.841Neu-Ulm
22%
Thüringen40.969Nordhausen
21%
Baden-Württemberg41.154Nürtingen
20%
Rheinland-Pfalz64.860Neuwied
17%
Niedersachsen53.839Nordhorn
16%
Bayern40.243Neumarkt in der Oberpfalz
11%
NRW42.438Nettetal
6%

Verteilung der Resultate

Perzentil nach korrekt beantworteten Fragen

Anzahl Personen mit jedem Resultat

Ihre Resultats-Entwicklung

Sie haben dieses Quiz noch nicht gespielt